Statistics for Countries Where You Can Find...

Click here to take the quiz!

General Stats

  • This quiz has been taken 66 times
  • The average score is 27 of 45

Answer Stats

Answer % Correct
United States
98%
United States
98%
Canada
91%
Norway
89%
Mexico
89%
United Kingdom
86%
China
84%
France
84%
Egypt
84%
Germany
82%
United Arab Emirates
81%
Russia
79%
Brazil
77%
Guatemala
75%
Honduras
74%
Greece
74%
Belgium
72%
South Africa
72%
Belize
70%
Italy
70%
Argentina
68%
Chile
65%
Iceland
60%
Spain
58%
Malaysia
56%
Venezuela
56%
Luxembourg
51%
Turkey
51%
Iraq
49%
Saudi Arabia
47%
Portugal
46%
New Zealand
46%
Zimbabwe
46%
Suriname
44%
Guyana
42%
Indonesia
40%
South Korea
40%
Namibia
40%
Kenya
39%
Taiwan
39%
Paraguay
37%
Morocco
23%
Algeria
18%
Tunisia
16%
Brunei
16%

Score Distribution

Percentile by Number Answered

Percent of People with Each Score

Your Score History

You have not taken this quiz